000 00828nam a2200217 a 4500
001 21543
003 CO-ViMGA
008 141112s2004 ck r 000 u spa d
020 _a8445905929
040 _aCO-ViMGA
_bspa
_cCO-ViMGA
082 0 4 _a636.1 r873C
100 1 _aRusell, Alan
_930768
245 1 0 _aCaballos :
_brazas y procedencia
260 _aBarcelona :
_bIberlibro,
_c1999
300 _a141
505 _aLos orígenes del caballo 5 - - La conformación del caballo 7 - - La alimentación del caballo 9 - - El esqueleto del caballo 13 - - Razas de caballos 15
590 _aForma de adquisición : Donación fact. 8849 - - Precio : 92000 - - Proveedor : Fundación exito - - Fecha de adquisición : Junio 2007
650 1 4 _aCABALLOS
_951145
650 1 4 _aRAZAS DE CABALLOS - HISTORIA
_930769
942 _2ddc
_cBK
999 _c30129
_d30129